MARC

LEADER 00000nam0a2200000 4500
001 319191
005 20231102003145.0
035 |a (RuTPU)RU\TPU\book\344698 
090 |a 319191 
100 |a 20160523d1953 m y0rusy50 ca 
101 0 |a rus 
102 |a RU 
105 |a ac z 000zy 
200 1 |a "Слава" в Антарктике 
210 |a Архангельск  |c Архангельское книжное изд-во  |d 1953 
215 |a 236 с.  |c ил. 
606 1 |a Антарктические экспедиции  |x География  |2 stltpush  |3 (RuTPU)RU\TPU\subj\29127  |9 52525 
610 1 |a Антарктика 
610 1 |a Арктическая зона 
610 1 |a Антарктида 
610 1 |a географические открытия 
610 1 |a географические экспедиции 
610 1 |a антарктические флотилии 
610 1 |a китобойный промысел 
610 1 |a СССР 
610 1 |a 20 век 
610 1 |a советские ученые 
675 |a 91(99)  |v 4 
700 1 |a Пургин  |b А. Н.  |g Афанасий Николаевич 
801 1 |a RU  |b 63413507  |c 20160523 
801 2 |a RU  |b 63413507  |c 20200629  |g RCR 
942 |c BK